000 00740nam a2200265Ia 4500
005 20260302115251.0
008 008 260114s9999 xx 000 0 eng d
020 _a9781350488939
037 _aTextbook
040 _aCRL
040 _beng
040 _cCRL
041 _2eng
041 _aeng
084 _qCRL
100 _aSimon Barker
_91120974
245 0 _aShakespeare's Problem Plays All's Well That Ends Well, Measure for Measure, Troilus and Cressida
260 _bBloomsbury
260 _bBloomsbury Academic
260 _c2005
650 _aLiterary Studies
856 _uhttps://doi.org/10.1007/978-1-137-20890-3?locatt=label:secondary_bloomsburyCollections
942 _cEBOOK
999 _c1685572
_d1685572